[Event "Greek Team Championship"]
[Site "chess24.com"]
[Date "2017.07.04"]
[Round "3"]
[White "Svetushkin, Dmitry"]
[Black "Nikolov, Momchil"]
[Result "0-1"]
[Board "1"]
[WhiteElo "2573"]
[WhiteTitle "GM"]
[WhiteCountry "MDA"]
[WhiteFideId "13900463"]
[WhiteEloChange "-5"]
[BlackElo "2567"]
[BlackTitle "GM"]
[BlackCountry "BUL"]
[BlackFideId "2905710"]
[BlackEloChange "5"]

1. e4 {[%clk 1:30:43]} e5 {[%clk 1:30:31]} 2. Bc4 {[%clk 1:31:07]} Nc6 {[%clk
1:29:59]} 3. Nf3 {[%clk 1:31:30]} Bc5 {[%clk 1:30:16]} 4. O-O {[%clk 1:31:44]}
Nf6 {[%clk 1:29:42]} 5. d3 {[%clk 1:32:06]} a6 {[%clk 1:29:46]} 6. a4 {[%clk
1:32:14]} d6 {[%clk 1:26:57]} 7. c3 {[%clk 1:31:34]} Ba7 {[%clk 1:26:20]} 8. Re1
{[%clk 1:28:41]} h6 {[%clk 1:22:14]} 9. Nbd2 {[%clk 1:28:31]} O-O {[%clk
1:21:51]} 10. Nf1 {[%clk 1:22:19]} Be6 {[%clk 1:20:47]} 11. Bxe6 {[%clk 1:19:10]}
fxe6 {[%clk 1:21:07]} 12. b4 {[%clk 1:18:27]} Nh5 {[%clk 1:14:27]} 13. Be3 {[%clk
1:15:26]} Bxe3 {[%clk 1:08:48]} 14. Rxe3 {[%clk 1:15:44]} Nf4 {[%clk 1:07:53]}
15. h4 {[%clk 1:09:23]} Qf6 {[%clk 1:01:10]} 16. g3 {[%clk 1:06:51]} Qg6 {[%clk
0:58:16]} 17. b5 {[%clk 1:01:15]} Na5 {[%clk 0:52:18]} 18. N1d2 {[%clk 0:56:27]}
Nh5 {[%clk 0:47:19]} 19. d4 {[%clk 0:52:30]} axb5 {[%clk 0:31:44]} 20. dxe5
{[%clk 0:44:17]} Nxg3 {[%clk 0:31:40]} 21. fxg3 {[%clk 0:42:33]} Qxg3+ {[%clk
0:32:06]} 22. Kf1 {[%clk 0:42:15]} Qxe5 {[%clk 0:20:04]} 23. axb5 {[%clk
0:31:57]} Qxb5+ {[%clk 0:18:49]} 24. Kg2 {[%clk 0:31:38]} Qh5 {[%clk 0:14:18]}
25. Qe1 {[%clk 0:17:51]} Rf4 {[%clk 0:08:27]} 26. Nb3 {[%clk 0:16:08]} b6 {[%clk
0:07:22]} 27. Nxa5 {[%clk 0:14:38]} bxa5 {[%clk 0:06:12]} 28. c4 {[%clk 0:06:14]}
Raf8 {[%clk 0:04:13]} 29. Rxa5 {[%clk 0:04:58]} Qg6+ {[%clk 0:04:19]} 30. Kf2
{[%clk 0:05:10]} Rxh4 {[%clk 0:03:50]} 31. Ke2 {[%clk 0:01:16]} Rxe4 {[%clk
0:03:56]} 32. Ra3 {[%clk 0:00:38]} Rxc4 {[%clk 0:02:57]} 33. Rac3 {[%clk
0:01:03]} Ra4 {[%clk 0:02:05]} 34. Nd2 {[%clk 0:00:47]} Qh5+ {[%clk 0:01:04]} 35.
Kd3 {[%clk 0:01:12]} Qf5+ {[%clk 0:00:46]} 36. Ke2 {[%clk 0:01:38]} Qh5+ {[%clk
0:01:06]} 37. Kd3 {[%clk 0:02:04]} Qb5+ {[%clk 0:01:17]} 38. Kc2 {[%clk 0:02:15]}
Ra2+ {[%clk 0:01:30]} 39. Kd1 {[%clk 0:02:41]} Ra1+ {[%clk 0:00:44]} 40. Rc1
{[%clk 0:33:07]} Qa4+ {[%clk 0:30:52]} 41. Ke2 {[%clk 0:33:28]} 0-1

[Event "Greek Team Championship"]
[Site "chess24.com"]
[Date "2017.07.04"]
[Round "3"]
[White "Markidis, Konstantinos"]
[Black "Litsas, Ioannis"]
[Result "1-0"]
[Board "2"]
[WhiteElo "2370"]
[WhiteCountry "GRE"]
[WhiteFideId "4203500"]
[WhiteEloChange "4"]
[BlackElo "2105"]
[BlackCountry "GRE"]
[BlackFideId "4206886"]
[BlackEloChange "-4"]

1. Nf3 {[%clk 1:30:28]} Nf6 {[%clk 1:30:47]} 2. c4 {[%clk 1:30:30]} e6 {[%clk
1:31:09]} 3. g3 {[%clk 1:30:08]} d5 {[%clk 1:31:32]} 4. Bg2 {[%clk 1:29:45]} c6
{[%clk 1:31:56]} 5. Qc2 {[%clk 1:28:47]} Nbd7 {[%clk 1:28:51]} 6. O-O {[%clk
1:24:05]} Be7 {[%clk 1:23:58]} 7. b3 {[%clk 1:19:58]} b5 {[%clk 1:20:08]} 8. d3
{[%clk 1:15:10]} bxc4 {[%clk 1:17:45]} 9. bxc4 {[%clk 1:08:59]} O-O {[%clk
1:14:32]} 10. Bb2 {[%clk 1:06:23]} c5 {[%clk 1:08:50]} 11. cxd5 {[%clk 1:05:29]}
exd5 {[%clk 1:07:15]} 12. Nbd2 {[%clk 1:03:06]} Rb8 {[%clk 1:03:48]} 13. Rab1
{[%clk 0:54:07]} Rb6 {[%clk 0:54:22]} 14. Rfe1 {[%clk 0:47:13]} Ba6 {[%clk
0:33:57]} 15. e4 {[%clk 0:43:35]} d4 {[%clk 0:18:04]} 16. Nc4 {[%clk 0:42:29]}
Rb4 {[%clk 0:11:39]} 17. Nfd2 {[%clk 0:34:15]} Rb8 {[%clk 0:07:02]} 18. e5 {[%clk
0:29:57]} Ne8 {[%clk 0:06:23]} 19. e6 {[%clk 0:29:42]} fxe6 {[%clk 0:06:47]} 20.
Rxe6 {[%clk 0:30:01]} Nc7 {[%clk 0:06:53]} 21. Re2 {[%clk 0:29:51]} Nf6 {[%clk
0:06:20]} 22. Ne5 {[%clk 0:28:20]} Rb6 {[%clk 0:03:24]} 23. Ndc4 {[%clk 0:26:06]}
Nfd5 {[%clk 0:02:50]} 24. Nxb6 {[%clk 0:26:07]} axb6 {[%clk 0:03:14]} 25. Rbe1
{[%clk 0:25:36]} Bf6 {[%clk 0:02:53]} 26. a3 {[%clk 0:25:50]} Qd6 {[%clk
0:02:17]} 27. Nc4 {[%clk 0:24:53]} Qd7 {[%clk 0:02:41]} 28. Qb3 {[%clk 0:25:08]}
Rb8 {[%clk 0:01:21]} 29. Ne5 {[%clk 0:23:43]} Qd6 {[%clk 0:01:43]} 30. Ng4 {[%clk
0:23:39]} Rf8 {[%clk 0:00:41]} 31. Bc1 {[%clk 0:22:53]} Bb7 {[%clk 0:00:37]} 32.
Bf4 {[%clk 0:22:54]} 1-0

[Event "Greek Team Championship"]
[Site "chess24.com"]
[Date "2017.07.04"]
[Round "3"]
[White "Tsomis, Dimitrios"]
[Black "Dimitrov, Atanas"]
[Result "1/2-1/2"]
[Board "3"]
[WhiteElo "1971"]
[WhiteTitle "FM"]
[WhiteCountry "GRE"]
[WhiteFideId "4201280"]
[WhiteEloChange "7"]
[BlackElo "2291"]
[BlackTitle "IM"]
[BlackCountry "GRE"]
[BlackFideId "2901315"]
[BlackEloChange "-7"]

1. e4 {[%clk 1:30:44]} d6 {[%clk 1:29:20]} 2. d4 {[%clk 1:30:49]} Nf6 {[%clk
1:29:44]} 3. Nc3 {[%clk 1:30:42]} c6 {[%clk 1:30:06]} 4. f4 {[%clk 1:29:03]} Qa5
{[%clk 1:30:19]} 5. Bd3 {[%clk 1:27:57]} e5 {[%clk 1:30:34]} 6. dxe5 {[%clk
1:24:49]} dxe5 {[%clk 1:30:57]} 7. f5 {[%clk 1:24:26]} Be7 {[%clk 1:28:16]} 8.
Qe2 {[%clk 1:23:19]} b5 {[%clk 1:04:13]} 9. Bd2 {[%clk 1:22:13]} b4 {[%clk
1:03:59]} 10. Nd1 {[%clk 1:22:21]} Ba6 {[%clk 1:04:07]} 11. Nf3 {[%clk 1:17:14]}
O-O {[%clk 1:00:13]} 12. O-O {[%clk 1:14:25]} Rd8 {[%clk 0:47:14]} 13. Nf2 {[%clk
1:13:26]} Bxd3 {[%clk 0:34:49]} 14. cxd3 {[%clk 1:13:06]} Qb5 {[%clk 0:33:31]}
15. Rfd1 {[%clk 1:10:35]} Nbd7 {[%clk 0:28:48]} 16. Be3 {[%clk 1:09:37]} h6
{[%clk 0:15:23]} 17. Rac1 {[%clk 1:04:56]} Rac8 {[%clk 0:15:16]} 18. Qc2 {[%clk
1:02:54]} c5 {[%clk 0:15:37]} 19. b3 {[%clk 1:00:55]} Re8 {[%clk 0:15:19]} 20. g4
{[%clk 0:54:59]} Bf8 {[%clk 0:11:52]} 21. Kg2 {[%clk 0:54:25]} g6 {[%clk
0:09:50]} 22. fxg6 {[%clk 0:51:48]} fxg6 {[%clk 0:10:18]} 23. g5 {[%clk 0:51:45]}
hxg5 {[%clk 0:10:13]} 24. Bxg5 {[%clk 0:47:24]} Bg7 {[%clk 0:10:34]} 25. Be3
{[%clk 0:35:42]} Nf8 {[%clk 0:09:46]} 26. h3 {[%clk 0:32:36]} Nh5 {[%clk
0:09:18]} 27. Ng5 {[%clk 0:28:31]} Ne6 {[%clk 0:04:20]} 28. Nxe6 {[%clk 0:27:46]}
Rxe6 {[%clk 0:04:48]} 29. Ng4 {[%clk 0:27:11]} Nf4+ {[%clk 0:04:28]} 30. Bxf4
{[%clk 0:26:53]} exf4 {[%clk 0:04:56]} 31. Qc4 {[%clk 0:26:04]} Qxc4 {[%clk
0:04:11]} 32. Rxc4 {[%clk 0:25:48]} 1/2-1/2

[Event "Greek Team Championship"]
[Site "chess24.com"]
[Date "2017.07.04"]
[Round "3"]
[White "Michos, Thomas"]
[Black "Asvestopoulos, Hristos"]
[Result "1-0"]
[Board "4"]
[WhiteElo "2209"]
[WhiteCountry "GRE"]
[WhiteFideId "4202082"]
[WhiteEloChange "3"]
[BlackElo "1923"]
[BlackCountry "GRE"]
[BlackFideId "4215869"]
[BlackEloChange "-3"]

1. d4 {[%clk 1:30:57]} Nf6 {[%clk 1:30:27]} 2. Nf3 {[%clk 1:31:23]} e6 {[%clk
1:30:50]} 3. c3 {[%clk 1:31:50]} b6 {[%clk 1:30:51]} 4. Bg5 {[%clk 1:32:12]} Bb7
{[%clk 1:30:47]} 5. Nbd2 {[%clk 1:32:38]} Be7 {[%clk 1:30:55]} 6. e3 {[%clk
1:32:50]} h6 {[%clk 1:31:05]} 7. Bxf6 {[%clk 1:32:54]} Bxf6 {[%clk 1:31:22]} 8.
Bd3 {[%clk 1:33:19]} c5 {[%clk 1:31:09]} 9. O-O {[%clk 1:33:25]} Nc6 {[%clk
1:30:34]} 10. a3 {[%clk 1:30:56]} a5 {[%clk 1:30:08]} 11. Qe2 {[%clk 1:28:46]} d5
{[%clk 1:29:58]} 12. Rfd1 {[%clk 1:11:01]} c4 {[%clk 1:24:09]} 13. Bc2 {[%clk
1:10:35]} b5 {[%clk 1:24:11]} 14. e4 {[%clk 1:10:33]} O-O {[%clk 1:19:52]} 15.
exd5 {[%clk 1:05:07]} exd5 {[%clk 1:19:33]} 16. Nf1 {[%clk 1:05:21]} b4 {[%clk
1:11:59]} 17. Ba4 {[%clk 1:02:45]} g6 {[%clk 1:03:36]} 18. Qd2 {[%clk 0:57:30]}
Kg7 {[%clk 0:56:10]} 19. Ne3 {[%clk 0:49:47]} h5 {[%clk 0:53:04]} 20. cxb4 {[%clk
0:43:34]} axb4 {[%clk 0:53:10]} 21. Bxc6 {[%clk 0:43:56]} Bxc6 {[%clk 0:53:25]}
22. Qxb4 {[%clk 0:43:26]} Qc7 {[%clk 0:35:07]} 23. Qc3 {[%clk 0:36:38]} Qb7
{[%clk 0:31:24]} 24. Ne5 {[%clk 0:31:30]} Ba4 {[%clk 0:28:02]} 25. Re1 {[%clk
0:26:19]} Rfc8 {[%clk 0:25:57]} 26. Re2 {[%clk 0:17:02]} Bd8 {[%clk 0:24:22]} 27.
Rf1 {[%clk 0:14:20]} Ba5 {[%clk 0:21:20]} 28. Qc1 {[%clk 0:14:43]} Bb5 {[%clk
0:21:00]} 29. Nf5+ {[%clk 0:13:57]} gxf5 {[%clk 0:16:19]} 30. Qg5+ {[%clk
0:14:13]} Kf8 {[%clk 0:16:07]} 31. Qh6+ {[%clk 0:11:24]} Kg8 {[%clk 0:16:06]} 32.
Qg5+ {[%clk 0:10:39]} Kf8 {[%clk 0:16:29]} 33. Qh6+ {[%clk 0:11:07]} Kg8 {[%clk
0:16:54]} 34. Re3 {[%clk 0:07:46]} f4 {[%clk 0:17:02]} 35. Qxf4 {[%clk 0:07:55]}
Ra6 {[%clk 0:15:36]} 36. Qg5+ {[%clk 0:03:11]} Kf8 {[%clk 0:15:35]} 37. Qxh5
{[%clk 0:02:53]} Re6 {[%clk 0:15:13]} 38. Rf3 {[%clk 0:01:59]} Rc7 {[%clk
0:13:23]} 39. Qh8+ {[%clk 0:01:50]} Ke7 {[%clk 0:13:51]} 40. Rxf7+ {[%clk
0:31:40]} Kd6 {[%clk 0:44:19]} 41. Qd8+ {[%clk 0:31:20]} Rd7 {[%clk 0:44:32]} 42.
Rxd7+ {[%clk 0:31:14]} Bxd7 {[%clk 0:44:56]} 43. Qxa5 {[%clk 0:31:30]} Qxb2
{[%clk 0:44:36]} 44. Qc5# {[%clk 0:31:52]} 1-0

[Event "Greek Team Championship"]
[Site "chess24.com"]
[Date "2017.07.04"]
[Round "3"]
[White "Zimina, Olga"]
[Black "Galunova, Tsveta"]
[Result "1/2-1/2"]
[Board "5"]
[WhiteElo "2390"]
[WhiteTitle "IM"]
[WhiteCountry "ITA"]
[WhiteFideId "4132190"]
[WhiteEloChange "-6"]
[BlackElo "2175"]
[BlackCountry "BUL"]
[BlackFideId "2909995"]
[BlackEloChange "6"]

1. Nf3 {[%clk 1:30:51]} Nf6 {[%clk 1:30:50]} 2. c4 {[%clk 1:30:57]} c5 {[%clk
1:31:08]} 3. Nc3 {[%clk 1:31:13]} d5 {[%clk 1:31:07]} 4. cxd5 {[%clk 1:31:03]}
Nxd5 {[%clk 1:31:29]} 5. e4 {[%clk 1:31:05]} Nb4 {[%clk 1:31:14]} 6. Bb5+ {[%clk
1:31:08]} N8c6 {[%clk 1:30:37]} 7. d4 {[%clk 1:31:00]} cxd4 {[%clk 1:28:56]} 8.
a3 {[%clk 1:30:06]} dxc3 {[%clk 1:28:12]} 9. Qxd8+ {[%clk 1:27:19]} Kxd8 {[%clk
1:28:37]} 10. axb4 {[%clk 1:27:45]} f6 {[%clk 1:18:29]} 11. bxc3 {[%clk 1:26:54]}
e5 {[%clk 1:18:45]} 12. Be3 {[%clk 1:26:57]} a6 {[%clk 1:05:45]} 13. Bb6+ {[%clk
1:24:25]} Ke8 {[%clk 1:04:23]} 14. O-O {[%clk 0:48:58]} Bd7 {[%clk 0:51:38]} 15.
Rfd1 {[%clk 0:44:26]} Rc8 {[%clk 0:48:47]} 16. Ba4 {[%clk 0:41:29]} Nb8 {[%clk
0:39:12]} 17. Rxd7 {[%clk 0:35:28]} Nxd7 {[%clk 0:39:14]} 18. Rd1 {[%clk
0:35:52]} Rc6 {[%clk 0:33:21]} 19. Bxc6 {[%clk 0:33:41]} bxc6 {[%clk 0:33:46]}
20. Ba5 {[%clk 0:30:13]} c5 {[%clk 0:23:41]} 21. Rd5 {[%clk 0:25:04]} cxb4 {[%clk
0:21:30]} 22. cxb4 {[%clk 0:23:30]} Ke7 {[%clk 0:20:38]} 23. Ne1 {[%clk 0:21:38]}
Ke6 {[%clk 0:20:10]} 24. Nd3 {[%clk 0:21:52]} Bd6 {[%clk 0:15:37]} 25. Nc5+
{[%clk 0:15:49]} Nxc5 {[%clk 0:04:16]} 26. bxc5 {[%clk 0:15:00]} Be7 {[%clk
0:04:42]} 27. g3 {[%clk 0:11:11]} g5 {[%clk 0:02:53]} 28. f3 {[%clk 0:07:52]} Rc8
{[%clk 0:02:26]} 29. Bb6 {[%clk 0:08:17]} a5 {[%clk 0:02:43]} 30. Bxa5 {[%clk
0:06:36]} Rxc5 {[%clk 0:00:58]} 31. Rxc5 {[%clk 0:06:36]} Bxc5+ {[%clk 0:00:58]}
1/2-1/2

[Event "Greek Team Championship"]
[Site "chess24.com"]
[Date "2017.07.04"]
[Round "3"]
[White "Liapi Zenebisi, Irini"]
[Black "Psofimi, Milia"]
[Result "0-1"]
[Board "6"]
[WhiteElo "1791"]
[WhiteCountry "GRE"]
[WhiteFideId "4234120"]
[WhiteEloChange "-17"]
[BlackElo "1507"]
[BlackCountry "GRE"]
[BlackFideId "4232135"]
[BlackEloChange "17"]

1. d4 {[%clk 1:30:56]} Nf6 {[%clk 1:30:53]} 2. c4 {[%clk 1:31:20]} e6 {[%clk
1:31:13]} 3. g3 {[%clk 1:31:46]} d5 {[%clk 1:31:06]} 4. Nf3 {[%clk 1:32:11]} Bb4+
{[%clk 1:30:21]} 5. Bd2 {[%clk 1:31:23]} Bd6 {[%clk 1:30:03]} 6. Bg2 {[%clk
1:31:42]} O-O {[%clk 1:29:21]} 7. Qc2 {[%clk 1:31:55]} c6 {[%clk 1:26:00]} 8. O-O
{[%clk 1:32:15]} Nbd7 {[%clk 1:23:59]} 9. b3 {[%clk 1:31:11]} Re8 {[%clk
1:15:58]} 10. Nc3 {[%clk 1:30:25]} b6 {[%clk 0:56:01]} 11. e4 {[%clk 1:29:35]}
dxe4 {[%clk 0:55:16]} 12. Nxe4 {[%clk 1:29:59]} Nxe4 {[%clk 0:53:08]} 13. Qxe4
{[%clk 1:30:19]} Bb7 {[%clk 0:51:09]} 14. Bc3 {[%clk 1:25:22]} Rb8 {[%clk
0:43:08]} 15. Qd3 {[%clk 1:21:24]} c5 {[%clk 0:30:23]} 16. Rad1 {[%clk 1:19:18]}
Nf6 {[%clk 0:20:18]} 17. dxc5 {[%clk 1:09:09]} Bxc5 {[%clk 0:19:38]} 18. Qc2
{[%clk 1:09:30]} Be4 {[%clk 0:06:44]} 19. Qe2 {[%clk 1:09:33]} Bxf3 {[%clk
0:06:32]} 20. Bxf3 {[%clk 1:08:48]} Qe7 {[%clk 0:06:12]} 21. Qb2 {[%clk 1:02:33]}
Red8 {[%clk 0:03:46]} 22. b4 {[%clk 1:00:37]} Bd6 {[%clk 0:02:58]} 23. a3 {[%clk
0:52:52]} Rbc8 {[%clk 0:02:36]} 24. Qb3 {[%clk 0:49:27]} Nd7 {[%clk 0:01:22]} 25.
Rfe1 {[%clk 0:47:03]} Nf6 {[%clk 0:00:33]} 26. Bb2 {[%clk 0:43:19]} Bc7 {[%clk
0:00:39]} 27. Qa4 {[%clk 0:40:25]} Bd6 {[%clk 0:00:34]} 28. Be2 {[%clk 0:36:04]}
Ne4 {[%clk 0:00:35]} 29. Bd3 {[%clk 0:36:12]} Nf6 {[%clk 0:00:53]} 30. Qc2 {[%clk
0:36:14]} h6 {[%clk 0:00:39]} 31. Qc3 {[%clk 0:35:16]} Rc7 {[%clk 0:00:36]} 32.
Re4 {[%clk 0:33:02]} Qf8 {[%clk 0:00:34]} 33. Rh4 {[%clk 0:32:33]} h5 {[%clk
0:00:32]} 34. Qd2 {[%clk 0:30:54]} Be7 {[%clk 0:00:40]} 35. Bxf6 {[%clk 0:30:25]}
Bxf6 {[%clk 0:00:43]} 36. Rxh5 {[%clk 0:29:42]} g6 {[%clk 0:00:42]} 37. Rh3
{[%clk 0:28:16]} Rcd7 {[%clk 0:00:40]} 38. Qe2 {[%clk 0:26:00]} Qg7 {[%clk
0:00:38]} 39. g4 {[%clk 0:21:57]} Be5 {[%clk 0:00:35]} 40. Re3 {[%clk 0:43:17]}
Bc7 {[%clk 0:30:35]} 41. Re1 {[%clk 0:41:18]} Bf4 {[%clk 0:28:25]} 42. Rf3 {[%clk
0:40:52]} Rd4 {[%clk 0:25:16]} 43. h3 {[%clk 0:40:53]} e5 {[%clk 0:22:17]} 44.
Kg2 {[%clk 0:38:09]} Qh6 {[%clk 0:20:33]} 45. Rh1 {[%clk 0:36:12]} Qg5 {[%clk
0:17:56]} 46. Kf1 {[%clk 0:35:22]} e4 {[%clk 0:14:48]} 47. Bxe4 {[%clk 0:34:44]}
Re8 {[%clk 0:15:09]} 48. h4 {[%clk 0:32:43]} Qxg4 {[%clk 0:13:14]} 49. Rg1 {[%clk
0:30:59]} Qxh4 {[%clk 0:12:34]} 0-1

[Event "Greek Team Championship"]
[Site "chess24.com"]
[Date "2017.07.04"]
[Round "3"]
[White "Bichaki, Ourania"]
[Black "Aivazian, Elpida Sofia"]
[Result "0-1"]
[Board "7"]
[WhiteElo "1005"]
[WhiteCountry "GRE"]
[WhiteFideId "25830368"]
[WhiteEloChange "-2"]
[BlackElo "1415"]
[BlackCountry "GRE"]
[BlackFideId "25821555"]
[BlackEloChange "2"]

1. e4 {[%clk 1:30:55]} c5 {[%clk 1:30:40]} 2. Nf3 {[%clk 1:30:51]} e6 {[%clk
1:31:02]} 3. d4 {[%clk 1:30:11]} cxd4 {[%clk 1:31:28]} 4. Nxd4 {[%clk 1:30:33]}
Nc6 {[%clk 1:31:55]} 5. Nc3 {[%clk 1:29:40]} Qc7 {[%clk 1:32:21]} 6. Be2 {[%clk
1:28:07]} a6 {[%clk 1:32:36]} 7. a3 {[%clk 1:21:14]} Nf6 {[%clk 1:30:28]} 8. Be3
{[%clk 1:18:03]} Be7 {[%clk 1:28:53]} 9. O-O {[%clk 1:15:14]} O-O {[%clk
1:27:44]} 10. f4 {[%clk 1:10:22]} d5 {[%clk 1:24:24]} 11. e5 {[%clk 0:52:22]} Nd7
{[%clk 1:24:48]} 12. Qe1 {[%clk 0:44:56]} Na5 {[%clk 1:13:29]} 13. Qg3 {[%clk
0:38:08]} Nc4 {[%clk 1:07:40]} 14. Bxc4 {[%clk 0:36:53]} dxc4 {[%clk 1:07:21]}
15. Ne4 {[%clk 0:28:56]} Kh8 {[%clk 1:05:22]} 16. Rf3 {[%clk 0:23:36]} Nc5 {[%clk
0:59:48]} 17. Ng5 {[%clk 0:15:55]} h6 {[%clk 0:50:22]} 18. Qh4 {[%clk 0:11:22]}
f6 {[%clk 0:46:23]} 19. exf6 {[%clk 0:06:15]} Bxf6 {[%clk 0:46:45]} 20. f5 {[%clk
0:03:21]} exf5 {[%clk 0:28:12]} 21. Nxf5 {[%clk 0:01:30]} Bxf5 {[%clk 0:27:04]}
22. Rxf5 {[%clk 0:01:52]} Bxg5 {[%clk 0:23:46]} 23. Rxg5 {[%clk 0:01:56]} Ne6
{[%clk 0:20:03]} 24. Rg3 {[%clk 0:01:12]} Nf4 {[%clk 0:16:22]} 25. Bxf4 {[%clk
0:00:51]} Rxf4 {[%clk 0:15:55]} 26. Qh5 {[%clk 0:01:03]} Raf8 {[%clk 0:15:34]}
27. Re1 {[%clk 0:00:51]} Qb6+ {[%clk 0:15:03]} 28. Rge3 {[%clk 0:00:47]} Qxe3+
{[%clk 0:15:09]} 29. Rxe3 {[%clk 0:01:07]} Rf1# {[%clk 0:15:36]} 0-1

[Event "Greek Team Championship"]
[Site "chess24.com"]
[Date "2017.07.04"]
[Round "3"]
[White "Nasos, Konstantinos"]
[Black "Karakatsanis, Nikolaos"]
[Result "1-0"]
[Board "8"]
[WhiteElo "1611"]
[WhiteCountry "GRE"]
[WhiteFideId "25838938"]
[WhiteEloChange "16"]
[BlackElo "1835"]
[BlackCountry "GRE"]
[BlackFideId "4219236"]
[BlackEloChange "-16"]

1. d4 {[%clk 1:30:56]} Nf6 {[%clk 1:30:46]} 2. Nf3 {[%clk 1:31:19]} g6 {[%clk
1:30:02]} 3. c4 {[%clk 1:31:24]} c5 {[%clk 1:30:11]} 4. d5 {[%clk 1:30:57]} b5
{[%clk 1:30:34]} 5. cxb5 {[%clk 1:25:05]} a6 {[%clk 1:30:57]} 6. Nc3 {[%clk
1:18:24]} axb5 {[%clk 1:31:11]} 7. Nxb5 {[%clk 1:16:16]} Qa5+ {[%clk 1:31:34]} 8.
Nc3 {[%clk 1:16:01]} Bb7 {[%clk 1:31:59]} 9. Bd2 {[%clk 1:09:10]} Bg7 {[%clk
1:20:52]} 10. e4 {[%clk 1:01:28]} O-O {[%clk 1:21:02]} 11. Bc4 {[%clk 0:58:39]}
Ba6 {[%clk 1:20:45]} 12. Qe2 {[%clk 0:56:34]} d6 {[%clk 1:20:21]} 13. O-O {[%clk
0:56:24]} Nfd7 {[%clk 1:19:22]} 14. Rab1 {[%clk 0:49:00]} Bxc4 {[%clk 1:15:57]}
15. Qxc4 {[%clk 0:49:24]} Qa6 {[%clk 1:16:23]} 16. Qxa6 {[%clk 0:40:43]} Nxa6
{[%clk 1:16:48]} 17. Bg5 {[%clk 0:38:37]} Rfe8 {[%clk 1:16:56]} 18. Nd2 {[%clk
0:36:14]} Ne5 {[%clk 1:16:19]} 19. a3 {[%clk 0:32:33]} Nd3 {[%clk 1:16:21]} 20.
Nd1 {[%clk 0:25:47]} Kf8 {[%clk 1:11:10]} 21. Nc4 {[%clk 0:25:21]} Reb8 {[%clk
1:09:24]} 22. Bd2 {[%clk 0:24:36]} Ne5 {[%clk 1:04:25]} 23. Nde3 {[%clk 0:23:46]}
Nxc4 {[%clk 0:57:34]} 24. Nxc4 {[%clk 0:24:14]} Rb3 {[%clk 0:57:57]} 25. Rfc1
{[%clk 0:16:26]} Nc7 {[%clk 0:58:07]} 26. Bc3 {[%clk 0:14:11]} Bh6 {[%clk
0:53:57]} 27. Rc2 {[%clk 0:14:39]} Nb5 {[%clk 0:53:39]} 28. Bd2 {[%clk 0:08:04]}
Bg7 {[%clk 0:51:35]} 29. Rcc1 {[%clk 0:02:42]} Rb8 {[%clk 0:51:43]} 30. Rd1
{[%clk 0:00:40]} Nc3 {[%clk 0:50:28]} 31. Bxc3 {[%clk 0:00:45]} Bxc3 {[%clk
0:50:56]} 32. Rd3 {[%clk 0:00:36]} Bd4 {[%clk 0:50:20]} 33. Rxb3 {[%clk 0:01:04]}
Rxb3 {[%clk 0:50:38]} 34. Kf1 {[%clk 0:00:56]} Ke8 {[%clk 0:51:00]} 35. Ke2
{[%clk 0:00:43]} Kd7 {[%clk 0:51:20]} 36. f3 {[%clk 0:00:44]} e6 {[%clk 0:51:45]}
37. Kd2 {[%clk 0:00:35]} Kc7 {[%clk 0:44:52]} 38. Kc2 {[%clk 0:00:55]} Rb8 {[%clk
0:45:18]} 39. Rd1 {[%clk 0:00:39]} h5 {[%clk 0:43:51]} 40. Rd3 {[%clk 0:30:58]}
g5 {[%clk 1:11:05]} 41. Rb3 {[%clk 0:26:22]} Re8 {[%clk 1:11:29]} 42. Kd3 {[%clk
0:24:12]} g4 {[%clk 1:04:58]} 43. Rb6 {[%clk 0:23:00]} Be5 {[%clk 1:02:22]} 44.
Rc6+ {[%clk 0:22:42]} Kd7 {[%clk 1:01:16]} 45. Nxe5+ {[%clk 0:22:43]} dxe5 {[%clk
1:01:43]} 46. Rxc5 {[%clk 0:22:53]} gxf3 {[%clk 1:01:43]} 47. gxf3 {[%clk
0:23:21]} Rb8 {[%clk 1:02:05]} 48. b4 {[%clk 0:18:15]} Rg8 {[%clk 0:59:55]} 49.
dxe6+ {[%clk 0:17:53]} fxe6 {[%clk 1:00:12]} 50. Rxe5 {[%clk 0:17:53]} 1-0

[Event "Greek Team Championship"]
[Site "chess24.com"]
[Date "2017.07.04"]
[Round "3"]
[White "Alexakis, Dimitris"]
[Black "Blitsas, Orestis"]
[Result "1-0"]
[Board "9"]
[WhiteElo "2044"]
[WhiteCountry "GRE"]
[WhiteFideId "4277023"]
[WhiteEloChange "2"]
[BlackElo "1635"]
[BlackCountry "GRE"]
[BlackFideId "25807919"]
[BlackEloChange "-2"]

1. e4 {[%clk 1:24:12]} c5 {[%clk 1:30:43]} 2. Nf3 {[%clk 1:24:37]} e6 {[%clk
1:31:09]} 3. d4 {[%clk 1:25:02]} cxd4 {[%clk 1:31:31]} 4. Nxd4 {[%clk 1:25:28]}
Nc6 {[%clk 1:31:51]} 5. Nc3 {[%clk 1:23:48]} a6 {[%clk 1:30:56]} 6. Be3 {[%clk
1:23:23]} Qc7 {[%clk 1:31:05]} 7. Qf3 {[%clk 1:22:43]} Nf6 {[%clk 1:30:55]} 8.
O-O-O {[%clk 1:23:01]} Bb4 {[%clk 1:23:02]} 9. Nxc6 {[%clk 1:23:08]} bxc6 {[%clk
1:20:20]} 10. Bd4 {[%clk 1:23:17]} Be7 {[%clk 1:14:34]} 11. e5 {[%clk 0:24:00]}
Nd5 {[%clk 1:12:48]} 12. Ne4 {[%clk 0:02:39]} Rb8 {[%clk 1:03:52]} 13. c4 {[%clk
0:02:22]} Nb6 {[%clk 1:02:51]} 14. Nd6+ {[%clk 0:00:39]} Bxd6 {[%clk 0:53:31]}
15. exd6 {[%clk 0:01:07]} Qd8 {[%clk 0:53:35]} 16. Qg3 {[%clk 0:01:27]} Rg8
{[%clk 0:50:55]} 17. Bd3 {[%clk 0:01:46]} g6 {[%clk 0:47:47]} 18. b3 {[%clk
0:00:38]} a5 {[%clk 0:45:13]} 19. h4 {[%clk 0:00:35]} h5 {[%clk 0:45:03]} 20. Qf4
{[%clk 0:00:37]} f5 {[%clk 0:44:30]} 21. Qh6 {[%clk 0:00:38]} Kf7 {[%clk
0:43:47]} 22. g4 {[%clk 0:00:40]} fxg4 {[%clk 0:36:31]} 23. Bxg6+ {[%clk
0:00:39]} Rxg6 {[%clk 0:36:11]} 24. Qh7+ {[%clk 0:01:04]} Kf8 {[%clk 0:36:27]}
25. Qxg6 {[%clk 0:01:28]} 1-0